| 000 | 01756nam a2200241 a 4500 | ||
|---|---|---|---|
| 001 | 000012723 | ||
| 005 | 20240530073915.0 | ||
| 008 | 091113s2006 dr 001 0 spa d | ||
| 020 | _a9993479993 | ||
| 020 | _a994516032X (2a. reimpr.) | ||
| 040 |
_aDO-SdBNP _bspa _cBNPHU |
||
| 082 |
_aRD863.44 _bJ58m |
||
| 100 | 1 |
_aJesús Ulerio, Luis Felipe de, _d1970- _91334 |
|
| 245 | 1 | 3 |
_aEl misterio del espíritu del río : _b(mitos , leyendas y la historia dominicana en una breve novela) / _cLuis Felipe de Jesús Ulerio. |
| 260 |
_aSanto Domingo : _bBúho, _c2006 _g2006 (2a. reimpr.) _g2006 (3a. reimpr.) |
||
| 300 |
_a186 p. ; _c22 cm. |
||
| 500 | _aLa biblioteca posee las 2ª y 3ª reimpresiónes de 2006 | ||
| 504 | _aEl naufragio -- Encuentro con el espíritu del río -- El bacá -- España en el siglo XV -- Lemba y Enriquillo -- La ciguapa -- La botija del difunto Antón -- El contrabando -- Las devastaciones de Osorio -- Los dos Santo Domingo -- La jupía -- El brujo -- El galipote -- Enrique, el galipote -- Mal de ojo -- Yo también estaba soñando -- La independencia haitiana -- Independencia Efímera -- Juan Pablo Duarte -- La Trinitaria -- La Independencia Nacional -- La primera República -- La constitución de la República -- La anexión y la Restauración -- La segunda República -- Catalepsia -- Un pacto con el diablo -- Primera ocupación militar norteamericana -- Papá Liborio -- La dictadura de Trujillo -- Juan Bosch -- La masacre de Palma Sola -- Del Triunvirato a los doce años -- El misterio del espíritu del río -- El pacto con el espíritu del río. | ||
| 590 | _aInventariado, 2020/BT | ||
| 650 | 0 |
_aNovela dominicana _9223 |
|
| 650 | 0 |
_aLiteratura dominicana. _967 |
|
| 910 | _aValidado. Control de calidad MMOLINA | ||
| 999 |
_c12374 _d12374 |
||